000
00299nam a22001337a 4500
008
170127b xxu||||| |||| 00| 0 eng d
020
_a
9780702025310
041
_a
eng
080
_2
21ST
_a
61
100
_a
3
101
_a
SHM
245
_a
HIUTCHISON'S CLINICAL METHODS
_c
SWASH, M
942
_2
udc
_c
BK
999
_c
3831
_d
3831